[Event "Pardubice Czech op-A 31st"]
[Site "Pardubice"]
[Date "2020.09.25"]
[Round "5"]
[White "Lorscheid, Gerhard"]
[Black "Weber, Meikel"]
[Result "1-0"]
[WhiteElo "2185"]
[BlackElo "1976"]
[PlyCount "79"]
[EventDate "2020.09.21"]
[EventType "swiss"]
[EventRounds "9"]
[EventCountry "CZE"]
[SourceTitle "CBM 198 Extra"]
[Source "ChessBase"]
[SourceDate "2020.11.30"]
[SourceVersion "1"]
[SourceVersionDate "2020.11.30"]
[SourceQuality "1"]

1. c4 c6 2. Nf3 d5 3. b3 Bf5 4. Bb2 Nf6 5. g3 e6 6. Bg2 Nbd7 7. 0-0 Be7 8. d3 0-0 9. Nbd2 Qa5 10. a3 Rfe8 11. Qc2 h6 12. Bc3 Qc7 13. Qb2 Bd6 14. e4 dxe4 15. dxe4 Nxe4 16. Bxg7 Nxd2 17. Nxd2 Be5 18. Bxe5 Qxe5 19. Qa2 Rad8 20. b4 Nf6 21. Nf3 Qc3 22. Rac1 Qd3 23. Rfe1 Qd6 24. Qa1 Nd7 25. c5 Qc7 26. Nh4 Bh7 27. Rc4 f6 28. Rg4+ Kf7 29. Qc1 Rg8 30. Rxg8 Rxg8 31. Qxh6 Rg7 32. Bf3 Ne5 33. Bh5+ Bg6 34. Nxg6 Nxg6 35. Qe3 Qc8 36. Qd3 f5 37. Rd1 Kg8 38. Bxg6 Rxg6 39. Qd8+ Qxd8 40. Rxd8+ 1-0

[Event "Pardubice Czech op-A 31st"]
[Site "Pardubice"]
[Date "2020.09.24"]
[Round "4"]
[White "Weber, Meikel"]
[Black "Leeb, Simon"]
[Result "0-1"]
[WhiteElo "1976"]
[BlackElo "2234"]
[PlyCount "108"]
[EventDate "2020.09.21"]
[EventType "swiss"]
[EventRounds "9"]
[EventCountry "CZE"]
[SourceTitle "CBM 198 Extra"]
[Source "ChessBase"]
[SourceDate "2020.11.30"]
[SourceVersion "1"]
[SourceVersionDate "2020.11.30"]
[SourceQuality "1"]

1. e4 c6 2. d4 d5 3. Nc3 dxe4 4. Nxe4 Bf5 5. Ng3 Bg6 6. Nh3 e6 7. Nf4 Bd6 8. c3 Qc7 9. Qf3 Nd7 10. h4 Ne7 11. h5 Bc2 12. h6 g6 13. Bd3 Bxd3 14. Nxd3 f5 15. Ne2 Nd5 16. Nef4 Nxf4 17. Nxf4 0-0-0 18. 0-0 Rhe8 19. Nh3 e5 20. Bg5 Be7 21. Be3 e4 22. Qe2 Nf6 23. Ng5 Bf8 24. g3 Nh5 25. Kg2 Bxh6 26. Ne6 Rxe6 27. Bxh6 Rde8 28. Qe3 Nf6 29. Bf4 Qb6 30. c4 Ng4 31. Qc3 h6 32. d5 R6e7 33. d6 Rd7 34. Rad1 e3 35. c5 Qa6 36. Rfe1 Nxf2 37. Rxe3 Ne4 38. Qd4 g5 39. Be5 b6 40. Rxe4 fxe4 41. Rd2 Kb7 42. b4 Rf8 43. Qxe4 Qf1+ 44. Kh2 h5 45. Bd4 g4 46. Qg2 Qc4 47. a3 Rf3 48. Qe2 Qb3 49. Qe8 Rff7 50. Bf6 Qxa3 51. Re2 Qf3 52. Re7 Rdxe7 53. dxe7 Rxf6 54. Qd7+ Ka6 0-1

[Event "Mittelrhein Regionalliga 18/19"]
[Site "Nordrheinwestfalen"]
[Date "2018.09.02"]
[Round "1.8"]
[White "Hennicken, Reinhard"]
[Black "Weber, Meikel"]
[Result "1/2-1/2"]
[WhiteElo "1921"]
[BlackElo "1898"]
[PlyCount "128"]
[EventDate "2018.10.28"]
[EventType "team-tourn"]
[EventRounds "11"]
[EventCountry "GER"]
[SourceTitle "EXT 2022"]
[Source "ChessBase"]
[SourceDate "2021.10.06"]
[SourceVersion "1"]
[SourceVersionDate "2021.10.06"]
[SourceQuality "1"]
[WhiteTeam "Aachen DJK Aufwärts III"]
[BlackTeam "Bonn Stadtverwaltung"]
[WhiteTeamCountry "GER"]
[BlackTeamCountry "GER"]

1. e4 e5 2. Nf3 Nc6 3. Bb5 a6 4. Ba4 Nf6 5. Bxc6 dxc6 6. d3 Bd6 7. Bg5 h6 8. Bh4 Qe7 9. h3 c5 10. Nbd2 Bd7 11. Nc4 b5 12. Ne3 c6 13. a4 0-0 14. b3 Qe6 15. Nd2 g6 16. g4 Be7 17. Bg3 Nh7 18. Nf3 Bf6 19. h4 Bg7 20. Qe2 f6 21. Qd2 Qe7 22. Qc3 Rae8 23. axb5 axb5 24. h5 Ng5 25. Nxg5 fxg5 26. hxg6 Ra8 27. Nf5 Bxf5 28. gxf5 Rae8 29. 0-0 h5 30. f3 Bf6 31. Bf2 Qg7 32. Bxc5 Be7 33. Ra7 Qf6 34. Bxe7 Rxe7 35. Rxe7 Qxe7 36. Qxc6 b4 37. Ra1 g4 38. fxg4 Qg5 39. Qd5+ Kh8 40. Qxe5+ Kg8 41. Qg3 Rc8 42. Qg2 hxg4 43. Qh2 Qe3+ 44. Kh1 Kg7 45. Ra7+ Kf6 46. Qh4+ Ke5 47. Re7+ Kf4 48. Qh6+ Kf3 49. Qxe3+ Kxe3 50. Kg2 Kf4 51. g7 g3 52. g8Q Rxg8 53. f6 Rc8 54. Rg7 Rxc2+ 55. Kf1 Kf3 56. Ke1 Rh2 57. d4 Re2+ 58. Kd1 Rxe4 59. d5 Rd4+ 60. Ke1 Rxd5 61. f7 Rf5 62. Kf1 Rf6 63. Kg1 Rf5 64. Kf1 Rf6 1/2-1/2

[Event "Mittelrhein Regionalliga 1718"]
[Site "Nordrheinwestfalen"]
[Date "2018.05.06"]
[Round "9.8"]
[White "Weber, Meikel"]
[Black "Vogelpohl, Johannes"]
[Result "1-0"]
[WhiteElo "1902"]
[BlackElo "1730"]
[PlyCount "81"]
[EventDate "2017.09.10"]
[EventType "team-tourn"]
[EventRounds "9"]
[EventCountry "GER"]
[SourceTitle "EXT 2022"]
[Source "ChessBase"]
[SourceDate "2021.10.06"]
[SourceVersion "1"]
[SourceVersionDate "2021.10.06"]
[SourceQuality "1"]
[WhiteTeam "Bonn Stadtverwaltung"]
[BlackTeam "Klub Koelner SF II"]
[WhiteTeamCountry "GER"]
[BlackTeamCountry "GER"]

1. e4 c6 2. d4 d5 3. Nc3 dxe4 4. Nxe4 Bf5 5. Ng3 Bg6 6. Nh3 Nf6 7. Bc4 e6 8. Nf4 Bd6 9. c3 Qc7 10. Qf3 Nd5 11. Bxd5 cxd5 12. h4 Bc2 13. Ngh5 Rg8 14. Qe2 Be4 15. f3 Bg6 16. Nxd5 Qd8 17. Bg5 Qa5 18. Nhf4 h6 19. Nxe6 hxg5 20. Nc5+ Kf8 21. Qc4 Bxc5 22. b4 Qd8 23. Qxc5+ Ke8 24. Nc7+ Kd7 25. Nxa8 Re8+ 26. Kf2 Re6 27. Qxa7 Kc8 28. Rhe1 g4 29. Rxe6 Qxh4+ 30. Kg1 fxe6 31. Qb6 Qe7 32. Re1 gxf3 33. Rxe6 f2+ 34. Kxf2 Qf7+ 35. Kg1 Bd3 36. Qc5+ Nc6 37. Nb6+ Kc7 38. Nd5+ Kb8 39. Qd6+ Ka7 40. Qc5+ Ka8 41. Re8+ 1-0

[Event "Mittelrhein Regionalliga 1718"]
[Site "Nordrheinwestfalen"]
[Date "2017.12.03"]
[Round "4.8"]
[White "Schaefer, Timo"]
[Black "Weber, Meikel"]
[Result "1-0"]
[WhiteElo "1849"]
[BlackElo "1963"]
[PlyCount "105"]
[EventDate "2017.09.10"]
[EventType "team-tourn"]
[EventRounds "9"]
[EventCountry "GER"]
[SourceTitle "EXT 2022"]
[Source "ChessBase"]
[SourceDate "2021.10.06"]
[SourceVersion "1"]
[SourceVersionDate "2021.10.06"]
[SourceQuality "1"]
[WhiteTeam "Godesberg II"]
[BlackTeam "Bonn Stadtverwaltung"]
[WhiteTeamCountry "GER"]
[BlackTeamCountry "GER"]

1. d4 d5 2. c4 c6 3. Nf3 e6 4. Nc3 dxc4 5. e3 b5 6. a4 Bb4 7. axb5 cxb5 8. Bd2 Bxc3 9. Bxc3 a5 10. b3 Bb7 11. bxc4 b4 12. Bb2 Nf6 13. Bd3 Nbd7 14. Qc2 0-0 15. c5 Qc7 16. 0-0 Ba6 17. Ra4 Rfd8 18. Bxa6 Rxa6 19. Qe2 Rda8 20. Rfa1 Ne4 21. Rxb4 Ndf6 22. Rba4 Nd5 23. Qd3 f5 24. Ne5 Qb8 25. Rb1 Nb4 26. Qe2 Nd5 27. Qe1 Qb5 28. Raa1 a4 29. Ba3 Qe8 30. f3 Nef6 31. Rb7 Rb8 32. Rab1 Rxb7 33. Rxb7 Qc8 34. Qb1 Ra8 35. Kf2 Nc3 36. Qb6 Nfd5 37. Qc6 Qxc6 38. Nxc6 Nd1+ 39. Ke2 N1xe3 40. Ne5 Nc2 41. Bb2 a3 42. Kd2 Nde3 43. c6 Nb4 44. c7 Na6 45. Bxa3 Nxg2 46. Bd6 Nxc7 47. Rxc7 g6 48. Nd7 Ra2+ 49. Kc3 Kg7 50. Nf8+ Kh6 51. Nxe6 Ne1 52. Bf8+ Kh5 53. Rxh7# 1-0

[Event "Mittelrhein Regionalliga 1718"]
[Site "Nordrheinwestfalen"]
[Date "2017.10.01"]
[Round "2.7"]
[White "Dabringhaus, Andreas"]
[Black "Weber, Meikel"]
[Result "1/2-1/2"]
[WhiteElo "1873"]
[BlackElo "1963"]
[PlyCount "34"]
[EventDate "2017.09.10"]
[EventType "team-tourn"]
[EventRounds "9"]
[EventCountry "GER"]
[SourceTitle "EXT 2022"]
[Source "ChessBase"]
[SourceDate "2021.10.06"]
[SourceVersion "1"]
[SourceVersionDate "2021.10.06"]
[SourceQuality "1"]
[WhiteTeam "Leverkusen SC Bayer"]
[BlackTeam "Bonn Stadtverwaltung"]
[WhiteTeamCountry "GER"]
[BlackTeamCountry "GER"]

1. e4 e5 2. Nf3 Nc6 3. d4 exd4 4. Nxd4 Nf6 5. Nxc6 bxc6 6. Bd3 d5 7. 0-0 dxe4 8. Qe1 Be6 9. Bxe4 Nxe4 10. Qxe4 Qd5 11. Nc3 Qxe4 12. Nxe4 0-0-0 13. Be3 a6 14. Bc5 Bd6 15. Bxd6 cxd6 16. Rfd1 Kc7 17. Ng5 h6 1/2-1/2

[Event "Mittelrhein Verbandsliga-O 16/17"]
[Site "Nordrheinwestfalen"]
[Date "2016.10.02"]
[Round "2"]
[White "Ebert, Mario"]
[Black "Weber, Meikel"]
[Result "1/2-1/2"]
[WhiteElo "1945"]
[BlackElo "1973"]
[PlyCount "102"]
[EventDate "2016.09.11"]
[EventType "team-tourn"]
[EventRounds "11"]
[EventCountry "GER"]
[SourceTitle "EXT 2022"]
[Source "ChessBase"]
[SourceDate "2021.10.06"]
[SourceVersion "1"]
[SourceVersionDate "2021.10.06"]
[SourceQuality "1"]
[WhiteTeam "Rheinbacher SF"]
[BlackTeam "Bonn Stadtverwaltung"]
[WhiteTeamCountry "GER"]
[BlackTeamCountry "GER"]

1. d4 d5 2. e4 dxe4 3. Nc3 Nf6 4. f3 e3 5. Bxe3 g6 6. Bc4 Bg7 7. Qd2 c6 8. Nge2 Nd5 9. Bh6 Bxh6 10. Qxh6 Be6 11. Qg7 Rf8 12. Bxd5 Bxd5 13. Qxh7 Qb6 14. 0-0-0 Na6 15. Nxd5 cxd5 16. Qh3 e6 17. Nc3 Nc7 18. Qh4 Qc6 19. Rhe1 b5 20. Re3 a5 21. Kb1 b4 22. Ne2 Nb5 23. c4 dxc4 24. d5 Qb6 25. Qg5 Rd8 26. Rd2 Nc3+ 27. Nxc3 bxc3 28. Rxc3 Qc5 29. Qe3 Rxd5 30. Qxc5 Rxc5 31. Rdc2 Rh8 32. g3 Ke7 33. h4 Rhc8 34. Rc1 Kd6 35. Rd1+ Rd5 36. Rdc1 Rdc5 37. g4 a4 38. Ra3 Ra8 39. Rac3 Kd5 40. h5 gxh5 41. gxh5 Rh8 42. Rh1 Rh6 43. Rh4 e5 44. Kc2 f5 45. Ra3 Ra5 46. Kc3 f4 47. b3 cxb3 48. axb3 Rc5+ 49. Kd3 axb3 50. Rxb3 Ra5 51. Rh1 Raa6 1/2-1/2

[Event "Mittelrhein Verbandsliga Ost 1415"]
[Site "Mittelrhein"]
[Date "2015.02.01"]
[Round "7.6"]
[White "Meissner, Wolf Dieter"]
[Black "Weber, Meikel"]
[Result "1/2-1/2"]
[WhiteElo "1974"]
[BlackElo "1964"]
[PlyCount "64"]
[EventDate "2014.09.07"]
[EventType "team-tourn"]
[EventRounds "11"]
[EventCountry "GER"]
[SourceTitle "EXT 2023"]
[Source "ChessBase"]
[SourceDate "2022.10.05"]
[SourceVersion "1"]
[SourceVersionDate "2022.10.05"]
[SourceQuality "1"]
[WhiteTeam "Lohmar"]
[BlackTeam "Bonn Stadtverwaltung"]
[WhiteTeamCountry "GER"]
[BlackTeamCountry "GER"]

1. e4 e5 2. Nf3 Nc6 3. Bc4 Bc5 4. d3 d6 5. c3 a6 6. Bb3 Ba7 7. Nbd2 Nf6 8. Nf1 Be6 9. Ng3 d5 10. Qe2 dxe4 11. dxe4 Bxb3 12. axb3 Qd7 13. Nf5 g6 14. Bg5 Nh5 15. Ne3 h6 16. Rd1 Qe6 17. Nd5 Rc8 18. Bc1 Ne7 19. Bxh6 Rxh6 20. Qd2 Nxd5 21. exd5 Qb6 22. 0-0 Rh8 23. Nxe5 Qd6 24. Nc4 Qf4 25. d6 Qxd2 26. Rxd2 Kf8 27. d7 Rd8 28. Na5 Nf6 29. Rfd1 Ke7 30. Re2+ Kf8 31. Red2 Ke7 32. Re2+ Kf8 1/2-1/2

[Event "Mittelrhein Verbandsliga Ost 1415"]
[Site "Mittelrhein"]
[Date "2014.09.07"]
[Round "1.6"]
[White "Kneutgen, Alexander"]
[Black "Weber, Meikel"]
[Result "1/2-1/2"]
[WhiteElo "1987"]
[BlackElo "1964"]
[PlyCount "87"]
[EventDate "2014.09.07"]
[EventType "team-tourn"]
[EventRounds "11"]
[EventCountry "GER"]
[SourceTitle "EXT 2023"]
[Source "ChessBase"]
[SourceDate "2022.10.05"]
[SourceVersion "1"]
[SourceVersionDate "2022.10.05"]
[SourceQuality "1"]
[WhiteTeam "Niederkassel II"]
[BlackTeam "Bonn Stadtverwaltung"]
[WhiteTeamCountry "GER"]
[BlackTeamCountry "GER"]

1. e4 e5 2. Nf3 Nc6 3. Bb5 a6 4. Ba4 Nf6 5. d4 Nxe4 6. Qe2 Nf6 7. dxe5 Ng8 8. 0-0 Be7 9. Rd1 d5 10. c4 Bd7 11. cxd5 Nxe5 12. Bxd7+ Nxd7 13. Bf4 Kf8 14. Nc3 Ngf6 15. d6 Bxd6 16. Bxd6+ cxd6 17. Rxd6 Qc7 18. Rd4 Re8 19. Qd2 g6 20. Rc1 Ne5 21. Nd5 Nxf3+ 22. gxf3 Qe5 23. Qh6+ Kg8 24. Nxf6+ Qxf6 25. Re4 Qd8 26. Kg2 Rxe4 27. fxe4 Qf8 28. Qf4 h5 29. h4 Rh7 30. Qf6 Rg7 31. Rc7 Qb4 32. Qe5 Kh7 33. a3 Qb6 34. Rc8 Rg8 35. Rc7 Rg7 36. b4 f6 37. Rxg7+ Kxg7 38. Qe7+ Kh6 39. Qf8+ Kh7 40. Qf7+ Kh6 41. Qf8+ Kh7 42. Qe7+ Kh6 43. a4 Qc6 44. Qf8+ 1/2-1/2

[Event "Canadian op U2400"]
[Site "Montreal"]
[Date "2014.07.19"]
[Round "1"]
[White "Weber, Meikel"]
[Black "Klenburg, Mikhail"]
[Result "0-1"]
[WhiteElo "2042"]
[BlackElo "2368"]
[PlyCount "86"]
[EventDate "2014.07.19"]
[EventType "swiss"]
[EventRounds "9"]
[EventCountry "CAN"]
[SourceTitle "EXT 2022"]
[Source "ChessBase"]
[SourceDate "2021.10.06"]
[SourceVersion "1"]
[SourceVersionDate "2021.10.06"]
[SourceQuality "1"]

1. e4 d6 2. d4 Nf6 3. Nc3 g6 4. Nf3 Bg7 5. Be3 0-0 6. Qd2 a6 7. Bh6 b5 8. Bd3 Nc6 9. h4 e5 10. h5 Nxh5 11. Bxg7 Kxg7 12. d5 Ne7 13. Ne2 Ng8 14. 0-0-0 Bd7 15. Rdg1 Qf6 16. Kb1 Bg4 17. Nh2 Bxe2 18. Qxe2 Nf4 19. Qd2 Rfc8 20. Bf1 c5 21. g3 Nh5 22. Bh3 Rc7 23. Bg4 c4 24. Qe2 b4 25. Bxh5 gxh5 26. Qxh5 Qg6 27. Qe2 Nf6 28. f3 b3 29. Ng4 Nxg4 30. fxg4 bxc2+ 31. Ka1 Rb8 32. Rc1 c3 33. b3 Rb4 34. Rhe1 a5 35. Rxc2 a4 36. bxa4 Rxa4 37. Qf3 Rcc4 38. Rxc3 Rxe4 39. Rb1 Rxg4 40. Rc7 Rgc4 41. Rbb7 Rxa2+ 42. Kxa2 Qc2+ 43. Rb2 Ra4+ 0-1

[Event "Mittelrhein Verbandsliga Ost 1314"]
[Site "Mittelrhein"]
[Date "2014.01.19"]
[Round "6.5"]
[White "Hoefner, Christoph"]
[Black "Weber, Meikel"]
[Result "1-0"]
[WhiteElo "1888"]
[BlackElo "1962"]
[PlyCount "113"]
[EventDate "2013.09.15"]
[EventType "team-tourn"]
[EventRounds "11"]
[EventCountry "GER"]
[SourceTitle "EXT 2023"]
[Source "ChessBase"]
[SourceDate "2022.10.05"]
[SourceVersion "1"]
[SourceVersionDate "2022.10.05"]
[SourceQuality "1"]
[WhiteTeam "Bruehl II"]
[BlackTeam "Bonn Stadtverwaltung"]
[WhiteTeamCountry "GER"]
[BlackTeamCountry "GER"]

1. d4 d5 2. c4 e6 3. Nc3 c6 4. Nf3 dxc4 5. e4 b5 6. a4 Bb4 7. Be2 Nf6 8. Qc2 Bb7 9. 0-0 a6 10. Bg5 h6 11. Bh4 Be7 12. e5 Nd5 13. Bxe7 Qxe7 14. Ne4 0-0 15. Nfd2 Nb6 16. a5 Nc8 17. Ra3 Nd7 18. Rg3 c5 19. dxc5 Nxe5 20. f4 Nc6 21. Qc3 f5 22. Nd6 Nxd6 23. cxd6 Qf6 24. Qe3 Qd4 25. Rd1 Rad8 26. Qxd4 Nxd4 27. Bf3 Bd5 28. Bxd5 exd5 29. Kf2 Rxd6 30. Re3 Kf7 31. Re5 Re8 32. Nf1 Nc6 33. Rxf5+ Ke6 34. Ng3 g6 35. Re1+ Kd7 36. Rf7+ Re7 37. Rexe7+ Nxe7 38. f5 Ke8 39. fxg6 Rxg6 40. Rf4 Kd7 41. Nh5 Kd6 42. g4 Nc6 43. h3 d4 44. Rf5 Ne7 45. Rf8 Nd5 46. Rd8+ Kc5 47. Rxd5+ Kxd5 48. Nf4+ Ke4 49. Nxg6 b4 50. Ke2 c3 51. bxc3 d3+ 52. Kd2 b3 53. Kc1 Ke3 54. Ne5 d2+ 55. Kd1 Kf4 56. Nd3+ Kg3 57. c4 1-0

[Event "Mittelrhein Verbandsliga Ost 1314"]
[Site "Mittelrhein"]
[Date "2013.11.24"]
[Round "4.4"]
[White "Weber, Meikel"]
[Black "Kautz, Stefan"]
[Result "1-0"]
[WhiteElo "1962"]
[BlackElo "1757"]
[PlyCount "41"]
[EventDate "2013.09.15"]
[EventType "team-tourn"]
[EventRounds "11"]
[EventCountry "GER"]
[SourceTitle "EXT 2023"]
[Source "ChessBase"]
[SourceDate "2022.10.05"]
[SourceVersion "1"]
[SourceVersionDate "2022.10.05"]
[SourceQuality "1"]
[WhiteTeam "Bonn Stadtverwaltung"]
[BlackTeam "Bonn Empor Maulwurf"]
[WhiteTeamCountry "GER"]
[BlackTeamCountry "GER"]

1. e4 d5 2. exd5 Nf6 3. d4 Nxd5 4. c4 Nf6 5. Nc3 Bf5 6. Qf3 Bc8 7. d5 c6 8. Bg5 cxd5 9. cxd5 Nbd7 10. Bb5 a6 11. Bxd7+ Bxd7 12. h3 Qb6 13. Nge2 e6 14. Bxf6 gxf6 15. 0-0 f5 16. dxe6 fxe6 17. Qh5+ Ke7 18. Nf4 Qd4 19. Qh4+ Ke8 20. Rad1 Qg7 21. Nh5 1-0

[Event "Amsterdam Science Park op-A 2nd"]
[Site "Amsterdam"]
[Date "2012.07.22"]
[Round "9"]
[White "Ritsema, Ronald JE"]
[Black "Weber, Meikel"]
[Result "1/2-1/2"]
[WhiteElo "2054"]
[BlackElo "2045"]
[PlyCount "34"]
[EventDate "2012.07.14"]
[EventType "swiss"]
[EventRounds "9"]
[EventCountry "NED"]
[SourceTitle "CBM 149 Extra"]
[Source "ChessBase"]
[SourceDate "2012.08.24"]
[SourceVersion "1"]
[SourceVersionDate "2012.08.24"]
[SourceQuality "1"]

1. d4 d5 2. c4 c6 3. Nc3 e6 4. e3 Bd6 5. Nf3 f5 6. b3 Nf6 7. Bd3 0-0 8. 0-0 Ne4 9. Bb2 Nd7 10. Ne2 Qc7 11. c5 Be7 12. Nf4 Ndf6 13. Ne5 g5 14. Ne2 Nd7 15. Nxd7 Bxd7 16. Qc2 Be8 17. f3 Nf6 1/2-1/2

[Event "Mittelrhein Verbandsliga-O 1112"]
[Site "Germany"]
[Date "2012.05.20"]
[Round "11"]
[White "Anderton, Philip"]
[Black "Weber, Meikel"]
[Result "1/2-1/2"]
[WhiteElo "1932"]
[BlackElo "1976"]
[PlyCount "132"]
[EventDate "2011.09.18"]
[EventType "team-tourn"]
[EventRounds "11"]
[EventCountry "GER"]
[SourceTitle "EXT 2013"]
[Source "ChessBase"]
[SourceDate "2012.11.22"]
[SourceVersion "1"]
[SourceVersionDate "2012.11.22"]
[SourceQuality "1"]
[WhiteTeam "Siebengebirge"]
[BlackTeam "Bonn Stadtverwaltung"]
[WhiteTeamCountry "GER"]
[BlackTeamCountry "GER"]

1. Nf3 d5 2. d4 e6 3. c4 c6 4. cxd5 exd5 5. Nc3 Bg4 6. Ne5 Bh5 7. Qb3 Qb6 8. Qxb6 axb6 9. Bf4 Nf6 10. e3 Nbd7 11. Be2 Bxe2 12. Kxe2 Nh5 13. Nd3 Nxf4+ 14. Nxf4 Bd6 15. Nd3 0-0 16. b4 Ra3 17. Kd2 b5 18. Rhb1 Nb6 19. Rb3 Rfa8 20. Rxa3 Nc4+ 21. Kc2 Rxa3 22. h3 h5 23. Rb1 g5 24. Rb3 Ra8 25. Nb2 Na3+ 26. Kc1 f5 27. Nb1 Nc4 28. Nxc4 bxc4 29. Rb2 b5 30. Nc3 Kg7 31. f3 Kg6 32. Kd2 g4 33. Ke2 Ra3 34. Nb1 Ra4 35. a3 Ra8 36. Rc2 gxh3 37. gxh3 Kg5 38. f4+ Kf6 39. Kf3 Rg8 40. Rg2 Rxg2 41. Kxg2 Be7 42. Kf2 Kg6 43. Ke2 Kf7 44. Nd2 Ke6 45. Kd1 Kd7 46. Kc2 Ke6 47. Kb2 Bh4 48. Kc2 Bf2 49. Nf1 Kd6 50. Kd2 Ke6 51. Ke2 Bh4 52. Nd2 Be7 53. Nf3 Bf6 54. Kd2 Kd6 55. Kc3 Ke6 56. Kb2 Kd6 57. a4 bxa4 58. Ka3 Kd7 59. Kxa4 Kd6 60. Ka5 Kc7 61. b5 cxb5 62. Kxb5 Kd6 63. Ne1 Bh4 64. Nc2 Bf2 65. Kb6 Bg1 66. Kb7 Kd7 1/2-1/2

[Event "Mittelrhein Verbandsliga-O 1112"]
[Site "Germany"]
[Date "2012.05.06"]
[Round "10"]
[White "Raabe, Joachim"]
[Black "Weber, Meikel"]
[Result "1/2-1/2"]
[WhiteElo "1842"]
[BlackElo "1976"]
[PlyCount "40"]
[EventDate "2011.09.18"]
[EventType "team-tourn"]
[EventRounds "11"]
[EventCountry "GER"]
[SourceTitle "EXT 2013"]
[Source "ChessBase"]
[SourceDate "2012.11.22"]
[SourceVersion "1"]
[SourceVersionDate "2012.11.22"]
[SourceQuality "1"]
[WhiteTeam "Bruehl III"]
[BlackTeam "Bonn Stadtverwaltung"]
[WhiteTeamCountry "GER"]
[BlackTeamCountry "GER"]

1. e4 e5 2. Bc4 Nf6 3. d3 Nc6 4. Nc3 Na5 5. Bb3 Bc5 6. Be3 Bb6 7. Nf3 d6 8. h3 Nxb3 9. axb3 Be6 10. 0-0 0-0 11. d4 exd4 12. Nxd4 Bd7 13. Bg5 h6 14. Bh4 g5 15. Bg3 Re8 16. Re1 Bc8 17. Na4 Nxe4 18. Nxb6 cxb6 19. Nb5 Nxg3 20. Rxe8+ Qxe8 1/2-1/2

[Event "Mittelrhein Verbandsliga-O 1112"]
[Site "Germany"]
[Date "2012.03.18"]
[Round "8"]
[White "Gassmann, Peter"]
[Black "Weber, Meikel"]
[Result "0-1"]
[WhiteElo "1915"]
[BlackElo "1976"]
[PlyCount "118"]
[EventDate "2011.09.18"]
[EventType "team-tourn"]
[EventRounds "11"]
[EventCountry "GER"]
[SourceTitle "EXT 2013"]
[Source "ChessBase"]
[SourceDate "2012.11.22"]
[SourceVersion "1"]
[SourceVersionDate "2012.11.22"]
[SourceQuality "1"]
[WhiteTeam "Siegburg"]
[BlackTeam "Bonn Stadtverwaltung"]
[WhiteTeamCountry "GER"]
[BlackTeamCountry "GER"]

1. f4 e5 2. fxe5 d6 3. exd6 Bxd6 4. Nf3 g5 5. d4 g4 6. Ng5 f5 7. e4 h6 8. e5 Be7 9. Nh3 Nc6 10. c3 Qd5 11. Nf4 Bh4+ 12. Ke2 Qe4+ 13. Be3 Nce7 14. Qd3 Qxd3+ 15. Kxd3 Bg5 16. Nd2 Bxf4 17. Bxf4 Ng6 18. g3 N8e7 19. Bg2 Be6 20. c4 c6 21. Ke3 Nxf4 22. gxf4 h5 23. Rac1 Rd8 24. Rhd1 h4 25. Nb1 h3 26. Bh1 Rg8 27. Nc3 Bxc4 28. b3 Be6 29. Kf2 Rg7 30. Rd3 Nd5 31. Bxd5 Bxd5 32. Nxd5 Rxd5 33. Rc4 Rgd7 34. b4 Kd8 35. Ke3 Ke7 36. Rdc3 a6 37. a3 Ke6 38. Rd3 Rh7 39. Kf2 Rh8 40. Ke2 Ra8 41. Rcc3 Kd7 42. Rb3 Kc7 43. Rbc3 Rad8 44. Ke3 a5 45. bxa5 Rxa5 46. Rb3 Rdd5 47. Rdc3 Ra4 48. Rd3 Rc4 49. Rbc3 Rxc3 50. Rxc3 Rb5 51. Rc2 Rb3+ 52. Ke2 Kd7 53. a4 Rb4 54. Ke3 Rxa4 55. Rb2 Ra3+ 56. Ke2 b5 57. d5 cxd5 58. Rxb5 Kc6 59. Rb4 Ra2+ 0-1